000 00440cam a2200145 4500500
005 20251228053839.0
041 _afre
042 _adc
100 1 0 _aCraveri, Benedetta
_eauthor
245 0 0 _aLe comte de Narbonne
260 _c2016.
500 _a8
786 0 _nCommentaire | uméro 156 | 4 | 2016-11-25 | p. 843-854 | 0180-8214
856 4 1 _uhttps://shs.cairn.info/revue-commentaire-2016-4-page-843?lang=fr&redirect-ssocas=7080
999 _c1585589
_d1585589